000 00621nam a2200229 a 4500
999 _c1493
_d1493
001 1493
003 BD-JhCC
005 20171019212656.0
008 171019s13691382bg |||| ||a| 000 0 ben d
035 _a(BD-JhCC)1493
040 _aBD-JhCC
_dBD-JhCC
041 _aben
082 _a822.33
_bSOF 1382
100 _aসোফোক্লিস
245 _aইডিপাস /
_cসোফোক্লিস
250 _a3rd Edi
260 _aঢাকা :
_bআহমদ পাবলিশিং হাউস,
_c1382
300 _a77 p.:
_c24 cm.
650 _aEnglish Drama
942 _2ddc
_cBK